Statistiken für Bälle der Fußball Weltmeisterschaften

Klicken Sie hier um das Quiz zu spielen!

Allgemein

  • Dieses Quiz wurde 96 mal gespielt
  • Das Durchschnittsergebnis liegt bei 12 aus 22

Antwortstatistiken

Antwort% Korrekt
2022
90%
2006
88%
2014
87%
2018
86%
1994
71%
2010
71%
1954
69%
1990
64%
2002
63%
1998
59%
1982
54%
1934
51%
1974
48%
1930
47%
1970
46%
1938
42%
1978
41%
1950
40%
1986
36%
1958
34%
1966
34%
1962
29%

Verteilung der Resultate

Perzentil nach korrekt beantworteten Fragen

Anzahl Personen mit jedem Resultat

Ihre Resultats-Entwicklung

Sie haben dieses Quiz noch nicht gespielt